000 00555nam a22001697a 4500
003 NUST
038 _aNusrat Nadeem
082 _a200
100 _aZahra, Tasleem
_9125551
245 _aExplainable Artificial Intelligence techniques for Clinical Decision Support Systems/
_cTasleem Zahra,
264 _aIslamabad;
_bSEECS NUST;
_c2024.
300 _a97,p;
_bill;
_c30,cm.
650 _aMS-Data Science
_9123017
700 _aSupervisors: Dr. Syed Imran Ali
_9125552
856 _uhttp://10.250.8.41:8080/xmlui/handle/123456789/46173
942 _2ddc
_cSC
999 _c611297
_d611297